One Piece - Characters by Category - Statistics

General Stats
  • This quiz has been taken 269 times
    268 since last reset
  • The average score is 53 of 75
Answer Stats
Hint Answer % Correct
Pirate King Gol D. Roger
100%
Straw Hat Captain Monkey D. Luffy
100%
Former Emperor Kaidou
99%
Emperor Shanks
99%
Warlord of the Sea Trafalgar D. Water Law
99%
Emperor Buggy
98%
Former Emperor Charlotte Linlin
98%
Former Emperor Edward Newgate
98%
Emperor Marshall D. Teach
98%
Warlord of the Sea Boa Hancock
95%
Straw Hat Pirate Jinbe
95%
Straw Hat Pirate Roronoa Zoro
94%
Warlord of the Sea Dracule Mihawk
93%
Warlord of the Sea Donquixote Doflamingo
92%
Worst Generation Captain Eustass Kid
92%
Revolutionary Army Supreme Commander Monkey D. Dragon
92%
Straw Hat Pirate Nami
92%
Straw Hat Pirate Vinsmoke Sanji
92%
Warlord of the Sea Bartholomew Kuma
91%
Warlord of the Sea Crocodile
91%
Straw Hat Pirate Franky
91%
Carrier of the initial D. Monkey D. Garp
91%
Straw Hat Pirate Nico Robin
91%
Straw Hat Pirate Tony Tony Chopper
91%
Straw Hat Pirate Usopp
91%
Straw Hat Pirate Brook
90%
Warlord of the Sea Gecko Moria
89%
Supreme Ruler of the World Government Nerona Imu
86%
Carrier of the initial D. Portgas D. Ace
85%
Revolutionary Army Chief of Staff Sabo
83%
Fleet Admiral Sakazuki
83%
Admiral Borsalino
80%
Worst Generation Captain Jewelry Bonney
80%
Former Admiral Kuzan
79%
World Governement Elder - Environnement Saint Marcus Mars
78%
Former Fleet Admiral Sengoku
78%
Worst Generation Captain Basil Hawkins
77%
Former World Governement Elder - Science and Defence Saint Jaygarcia Saturn
77%
Admiral Issho
74%
Warlord of the Sea Edward Weevil
72%
Carrier of the initial D. Nefertari Vivi
72%
Worst Generation Captain X Drake
72%
Impel Down Magellan
70%
Carrier of the initial D. Rocks D. Xebec
70%
Worst Generation Captain Urouge
70%
SSG Scientist Vegapunk
70%
Worst Generation Captain Capone Bege
69%
Worst Generation Captain Scratchmen Apoo
69%
Admiral Aramaki
65%
World Governement Elder - Science and Defence Saint Figarland Garling
63%
World Governement Elder - Justice Saint Topman Warcury
62%
Carrier of the initial D. Jaguar D. Saul
61%
Carrier of the initial D. Portgas D. Rouge
61%
Carrier of the initial D. Nefertari Cobra
58%
Knights of God Commander Figarland Shamrock
57%
World Governement Elder - Agriculture Saint Shepherd Ju Peter
57%
Revolutionary Army Commander Emporio Ivankov
56%
Carrier of the initial D. Nefertari D. Lili
55%
World Governement Elder - Finance Saint Ethanbaron V. Nusjuro
54%
Commander-in-Chief of the World Government Kong
53%
Carrier of the initial D. Clou D. Clover
49%
Revolutionary Army Commander Karasu
44%
Revolutionary Army Commander Belo Betty
41%
Revolutionary Army Commander Ginny
41%
Knight of God Manmayer Gunko
41%
Impel Down Hannyabal
38%
Revolutionary Army Commander Morley
37%
Warlord of the Sea Hanafuda
34%
Revolutionary Army Commander Lindbergh
34%
Knight of God Shepherd Sommers
30%
Carrier of the initial D. Davy D. Jones
28%
Knight of God Rimoshifu Killingham
27%
SSG Scientist Caesar Clown
24%
Knight of God Satchels Maffey
15%
Former Admiral Zephyr
15%
No matching quizzes found
Score Distribution
Percent of People with Each Score
Percentile by Number Answered
Your Score History
You have not taken this quiz since the last reset